Catálogo
Digital

Catálogo
Digital

Inteligencia genial (Record no. 12322)

MARC details
000 -CABECERA
campo de control de longitud fija 01149nam a2200313 4500
003 - IDENTIFICADOR DEL NÚMERO DE CONTROL
campo de control EC-UNACH
005 - FECHA Y HORA DE LA ÚLTIMA TRANSACCIÓN
campo de control 20240320162002.0
006 - CÓDIGOS DE INFORMACIÓN DE LONGITUD FIJA--CARACTERÍSTICAS DEL MATERIAL ADICIONAL
campo de control de longitud fija s||||gr|||| 00| 00
008 - DATOS DE LONGITUD FIJA--INFORMACIÓN GENERAL
campo de control de longitud fija 150116t9999 mx r gr 000 0 spa d
020 ## - NÚMERO INTERNACIONAL ESTÁNDAR DEL LIBRO
Número Internacional Estándar del Libro 978-958-45-2984-8
040 ## - FUENTE DE LA CATALOGACIÓN
Centro catalogador/agencia de origen EC-UNACH
Centro/agencia transcriptor EC-UNACH
041 ## - CÓDIGO DE LENGUA
Código de lengua del texto/banda sonora o título independiente spa
082 04 - NÚMERO DE LA CLASIFICACIÓN DECIMAL DEWEY
Número de edición 23
Número de clasificación 153
Número de documento/Ítem L016008
100 ## - ENTRADA PRINCIPAL--NOMBRE DE PERSONA
Nombre de persona Gelb, Michael J.
245 ## - MENCIÓN DE TÍTULO
Título Inteligencia genial
Resto del título 7 principios claves para desarrollar la inteligencia, inspirados en la vida y obra de Leonardo da Vinci
Mención de responsabilidad, etc. Gelb, Michael J.
250 ## - MENCIÓN DE EDICIÓN
Mención de edición Primera edición
264 ## - Producción, publicación, distribución, fabricación y copyright
Lugar de producción, publicación, distribución, fabricación Bogota Colombia
Nombre del de productor, editor, distribuidor, fabricante Editorial Norma
Fecha de de producción, publicación, distribución, fabricación o copyright 2010
300 ## - DESCRIPCIÓN FÍSICA
Extensión 330 páginas
Otras características físicas Ilustraciones, gráficos
Dimensiones 20 centímetros
490 ## - MENCIÓN DE SERIE
Mención de serie Verticales de bolsillo
505 ## - NOTA DE CONTENIDO CON FORMATO
Nota de contenido con formato Cómo aprender de Leonardo.-- Un acercamiento práctico al genio.-- El renacimiento.-- Los siete principios davicianos.-- Arte/scienza.-- Connessione.-- Corporalita
650 ## - PUNTO DE ACCESO ADICIONAL DE MATERIA--TÉRMINO DE MATERIA
Término de materia o nombre geográfico como elemento inicial Inteligencia
650 ## - PUNTO DE ACCESO ADICIONAL DE MATERIA--TÉRMINO DE MATERIA
Término de materia o nombre geográfico como elemento inicial Arte
650 ## - PUNTO DE ACCESO ADICIONAL DE MATERIA--TÉRMINO DE MATERIA
Término de materia o nombre geográfico como elemento inicial Filosofía
650 ## - PUNTO DE ACCESO ADICIONAL DE MATERIA--TÉRMINO DE MATERIA
Término de materia o nombre geográfico como elemento inicial Escuela de Pensamiento
942 ## - ELEMENTOS DE PUNTO DE ACCESO ADICIONAL (KOHA)
Fuente del sistema de clasificación o colocación Clasificación Decimal Dewey
Tipo de ítem Koha Libros
999 ## - NÚMEROS DE CONTROL DE SISTEMA (KOHA)
Koha biblionumber 12322
Holdings
Estado de pérdida Fuente del sistema de clasificación o colocación Estado dañado No para préstamo Localización permanente Ubicación/localización actual Fecha de adquisición Número de inventario Total de préstamos Signatura topográfica completa Código de barras Fecha visto por última vez Precio válido a partir de Tipo de ítem Koha Centro de costos
  Clasificación Decimal Dewey     Biblioteca Campus Sur Biblioteca Campus Sur 20/03/2024 331600   153 GEL L016008 L016008 20/03/2024 20/03/2024 Libros  

Powered by Koha